| 000 | 00803cam a2200253 a 4500 | ||
|---|---|---|---|
| 001 | 000014354 | ||
| 005 | 20260218080533.0 | ||
| 008 | 860411s1984 mx b 000 0 spa | ||
| 020 | _a9684193939 | ||
| 040 |
_aDO-SdBNP _cDLC _dDLC |
||
| 082 |
_a320.5322 _bS211e |
||
| 100 | 1 |
_aSánchez Vázquez, Adolfo. _95417 |
|
| 245 | 1 | 0 |
_aEnsayos sobre arte y marxismo / _cAdolfo Sánchez Vázquez. |
| 260 |
_aMéxico : _bGrijalbo, _c1984. |
||
| 300 |
_a218 p. ; _c20 cm. |
||
| 490 | 1 | _aEnlace | |
| 500 | _aContiene artículos previamente publicados en diversos periódicos y revistas, 1968-1983. | ||
| 504 | _aIncluye referencias bibliográficas. | ||
| 650 | 0 |
_aMarxismo _95234 |
|
| 650 | 4 |
_aFilosofia marxista _9846 |
|
| 830 | 0 |
_aEnlace ; _932410 |
|
| 910 | _aCatalogación por copia/LC | ||
| 049 | _aBNGR | ||
| 999 |
_c13946 _d13946 |
||